| 000 -CABECERA |
| fixed length control field |
01439nam a22002297a 4500 |
| 003 - IDENTIFICADOR DEL NÚMERO DE CONTROL |
| control field |
AR-CdUCM |
| 008 - DATOS DE LONGITUD FIJA--INFORMACIÓN GENERAL |
| fixed length control field |
190223b ||||| |||| 00| 0 spa d |
| 040 ## - FUENTE DE LA CATALOGACIÓN |
| Agencia/entidad que catalogó originalmente la obra |
MUNICIPALIDAD PROVINCIAL DEL CUSCO |
| Entidad que transcribió la catalogación |
BIBLIOTECA MUNICIPAL DEL CUSCO |
| 082 ## - NÚMERO DE LA CLASIFICACIÓN DECIMAL DEWEY |
| No. de Clasificación |
818.44 / |
| Notacion interna |
T98 |
| No. de la edición |
4ed. |
| -- |
5ed. |
| 100 ## - ENTRADA PRINCIPAL--NOMBRE DE PERSONA |
| Nombre Personal |
Twain, Mark |
| 245 ## - MENCIÓN DE TÍTULO |
| Título |
Novelas completas y ensayos / |
| 260 ## - PUBLICACIÓN, DISTRIBUCIÓN, ETC. |
| Lugar de publicación, distribución, etc. |
Madrid : |
| Nombre de la editorial, distribuidor, etc. |
Aguilar, |
| Fecha de publicación, distribución, etc. |
1966- |
| -- |
1967 |
| 300 ## - DESCRIPCIÓN FÍSICA |
| Nº de Páginas Extensión |
2 tomos ; |
| Dimensiones |
18 cm. |
| 505 ## - NOTA DE CONTENIDO CON FORMATO |
| Nota de contenido formateada |
Contenido: t.1 La rana saltarina. Pasando fatigas. La edad dorada. Aventuras de Tom Sawyer. El príncipe y el mendigo. Tom Sawyer, en el extranjero. La vida en el Mississippí. Tom Sawyer, detective. Historia detectivesca de dos cañones. Mi novia platónica. Ensayos literarios (10 trabajos) -- t.2. Aventuras de Huckleberry Finn. Un yanqui de Connecticut en la Corte del Rey Arturo. Un pretendiente norteamericano. El billete del millón de libras. El calabaza Wilson. Los prodigiosos mellizos. Mis recuerdos personales de Juana de Arco. El hombre que corrompió a Hadleyburg. La historia de un caballo. El capitán Tormenta visita el Cielo. El forastero misterioso. La ficha mortal. La novela de la Doncella esquimal. Ensayos humorísticos (34 trabajos). |
| 650 ## - PUNTO DE ACCESO ADICIONAL DE MATERIA--TÉRMINO DE MATERIA |
| Descriptor |
Ensayos estadounidenses |
| 9 (RLIN) |
1963 |
| 650 ## - PUNTO DE ACCESO ADICIONAL DE MATERIA--TÉRMINO DE MATERIA |
| Descriptor |
Novelas estadounidenses |
| 9 (RLIN) |
734 |
| 650 ## - PUNTO DE ACCESO ADICIONAL DE MATERIA--TÉRMINO DE MATERIA |
| Descriptor |
Novelas siglo XIX |
| 9 (RLIN) |
853 |
| 700 ## - PUNTO DE ACCESO ADICIONAL--NOMBRE DE PERSONA |
| Nombre Personal |
Lázaro Ros, Amando (traductor) |
| 9 (RLIN) |
1964 |
| 942 ## - ELEMENTOS DE PUNTO DE ACCESO ADICIONAL (KOHA) |
| Fuente de clasificación |
|
| Tipo de item |
Libros-BMC |
| 945 ## - PROCESAMIENTO DE INFORMACIÓN LOCAL (OCLC) |
| Catalogador |
zta |